Inseln mit Anfangsbuchstabe J - Statistiken

Allgemein
  • Dieses Quiz wurde 47 mal gespielt
  • Das Durchschnittsergebnis liegt bei 4 aus 7
Antwortstatistiken
Hinweise Antwort % Korrekt
Reggea, Rastafari, Rum, Riffs und Regenwald. Jamaika
98%
Mit über 150 Millionen Einwohnern die bevölkerungsreichste Insel der Welt. 35 Millionen davon leben in der Metropolregion Jakarta. Java
89%
Auf der größten Kanalinsel lebten noch bis vor 40.000 Jahren Neandertaler. Nach der Insel sind ein Textilstoff und ein US-Bundesstaat benannt. Jersey
84%
Die längste ostfriesische Insel liegt zwischen Borkum und Norderney. Juist
70%
Der altnordische Name der schottischen Insel bezieht sich auf das große Hirschvorkommen und hat nichts mit Rechtswissenschaft oder einer mesozoischen Epoche zu tun. Jura
43%
Südkoreanische Vulkaninsel im Ostchinesischen Meer mit traditionellen Haenyo-Taucherinnen. Jejudo
18%
Einst Sitz des Sultanats von Sulu, wurde die Philippinen-Insel in jüngerer Zeit durch Entführungen von Touristen durch Islamisten bekannt. Jolo
2%
Keine übereinstimmenden Quizze gefunden
Verteilung der Resultate
Anzahl Personen mit jedem Resultat
Perzentil nach korrekt beantworteten Fragen
Ihre Resultats-Entwicklung
Sie haben dieses Quiz noch nicht gespielt